Chargement en cours...

Shakespeare survey: Richard 11

Détails bibliographiques
Autres auteurs: Kenneth Muir (Éditeur intellectuel)
Format: Printed Book
Langue:English
Publié: London : Cambridge , c1975 .
Collection:an annual survey of Shakespearian study and production 28
LEADER 00564nam a22001577a 4500
008 170808b xxu||||| |||| 00| 0 eng d
020 |a 0521208378 
082 |a 822.33 MUI/S 
245 |a Shakespeare survey:  |b Richard 11 
260 |a London :  |b Cambridge ,  |c c1975 . 
300 |b 187 p. 
490 |a an annual survey of Shakespearian study and production  |v 28 
700 |a Kenneth Muir  |e editor 
942 |c BK 
999 |c 201066  |d 201066 
952 |0 0  |1 0  |4 0  |6 822_330000000000000_MUI_S  |7 0  |9 222541  |a ENG  |b ENG  |c ST1  |d 2017-08-08  |i 9812  |l 0  |o 822.33 MUI/S  |p ENG9812  |r 2017-08-08  |w 2017-08-08  |y BK